[Event "Lancaran op-A"]
[Site "Lancaran"]
[Date "2025.07.13"]
[Round "9"]
[White "Ahmadov, Fariz"]
[Black "Rustamov, Rustam"]
[Result "0-1"]
[WhiteElo "2218"]
[BlackElo "2323"]
[PlyCount "78"]
[EventDate "2025.07.07"]
[EventType "swiss"]
[EventRounds "9"]
[EventCountry "AZE"]
[SourceTitle "CB29_2025"]
[SourceDate "2025.07.16"]
[SourceVersion "1"]
[SourceVersionDate "2025.07.16"]
[SourceQuality "1"]

1. e4 c5 2. Nf3 d6 3. e5 Nc6 4. exd6 e5 5. Nc3 Bxd6 6. Bb5 Nge7 7. h3 0-0 8. 0-0 a6 9. Be2 h6 10. Ne4 Be6 11. d3 f5 12. Nxd6 Qxd6 13. a3 Rac8 14. b4 cxb4 15. Bb2 bxa3 16. Bxa3 Qd7 17. Re1 Rfe8 18. Bb2 Ng6 19. Bf1 Bf7 20. Ra3 Qd6 21. Rc3 Bd5 22. Nd2 Kh7 23. Nc4 Bxc4 24. Rxc4 b5 25. Rc3 a5 26. Be2 Nf4 27. Bf3 Nd4 28. h4 Qb4 29. Rxc8 Nxf3+ 30. gxf3 Nh3+ 31. Kf1 Qxh4 32. Qd2 Rxc8 33. Bxe5 Ng5 34. Qf4 Qh3+ 35. Ke2 Rxc2+ 36. Ke3 Rc5 37. Ba1 Rc8 38. Be5 Re8 39. d4 Ne6 0-1

[Event "Lancaran op-A"]
[Site "Lancaran"]
[Date "2025.07.10"]
[Round "5"]
[White "Ahmadov, Fariz"]
[Black "Manafov, Vugar Gulam"]
[Result "1/2-1/2"]
[WhiteElo "2218"]
[BlackElo "2419"]
[PlyCount "84"]
[EventDate "2025.07.07"]
[EventType "swiss"]
[EventRounds "9"]
[EventCountry "AZE"]
[SourceTitle "CB29_2025"]
[SourceDate "2025.07.16"]
[SourceVersion "1"]
[SourceVersionDate "2025.07.16"]
[SourceQuality "1"]

1. Nf3 Nf6 2. g3 d5 3. Bg2 c6 4. 0-0 Bg4 5. Ne5 Bh5 6. d4 e6 7. c4 Nbd7 8. cxd5 exd5 9. Qb3 Qb6 10. Nxd7 Nxd7 11. Qe3+ Be7 12. b3 Qd8 13. Ba3 Kf8 14. Re1 Bxa3 15. Nxa3 Nf6 16. Nb1 Qd6 17. Nc3 h6 18. Qd2 Rd8 19. Rac1 Kg8 20. e4 dxe4 21. Nxe4 Nxe4 22. Rxe4 Bg6 23. Rf4 Kh7 24. h4 Rhe8 25. Qa5 Qe7 26. h5 Bd3 27. Qc3 Ba6 28. a4 Kg8 29. b4 Be2 30. Qc5 a6 31. Qf5 Qd7 32. Qc5 Qe7 33. Qf5 Qd7 34. Qc5 Bg4 35. Rb1 Be6 36. Rc1 Bg4 37. Rb1 Be6 38. Rc1 Bg4 39. Qb6 Bxh5 40. d5 cxd5 41. Rc7 Qxa4 42. Rc1 Bg4 1/2-1/2

[Event "Sheki op-A"]
[Site "Sheki"]
[Date "2025.06.23"]
[Round "6"]
[White "Ahmadov, Fariz"]
[Black "Bernadskiy, Vitaliy"]
[Result "0-1"]
[WhiteElo "2195"]
[BlackElo "2497"]
[PlyCount "94"]
[EventDate "2025.06.19"]
[EventType "swiss"]
[EventRounds "9"]
[EventCountry "AZE"]
[SourceTitle "CB27_2025"]
[SourceDate "2025.07.02"]
[SourceVersion "1"]
[SourceVersionDate "2025.07.02"]
[SourceQuality "1"]

1. d4 Nf6 2. Nf3 d5 3. e3 Bf5 4. Bd3 e6 5. 0-0 Bd6 6. c4 dxc4 7. Bxf5 exf5 8. Qa4+ c6 9. Qxc4 Nbd7 10. Bd2 Qe7 11. Nc3 0-0 12. Qd3 Ne4 13. Be1 Rfe8 14. Nd2 Ndf6 15. f3 Nxc3 16. bxc3 Qxe3+ 17. Qxe3 Rxe3 18. Nc4 Re6 19. a4 Nd5 20. Rb1 b6 21. Nxd6 Rxd6 22. Bd2 Re8 23. Rfe1 Rxe1+ 24. Rxe1 Re6 25. Rxe6 fxe6 26. c4 Nf6 27. Kf2 Kf7 28. Ke3 Nd7 29. Kd3 e5 30. a5 Ke6 31. axb6 axb6 32. Be3 g6 33. Bf2 exd4 34. Kxd4 c5+ 35. Kc3 Kd6 36. Bg3+ Kc6 37. Bh4 b5 38. cxb5+ Kxb5 39. Bg5 Kc6 40. Kd3 Kd5 41. Bc1 c4+ 42. Ke3 Nc5 43. g3 c3 44. h4 Kc4 45. Ba3 Nd3 46. g4 c2 47. h5 Kc3 0-1

[Event "Sheki op-A"]
[Site "Sheki"]
[Date "2025.06.23"]
[Round "7"]
[White "Manafov, Vugar Gulam"]
[Black "Ahmadov, Fariz"]
[Result "1/2-1/2"]
[WhiteElo "2415"]
[BlackElo "2195"]
[PlyCount "112"]
[EventDate "2025.06.19"]
[EventType "swiss"]
[EventRounds "9"]
[EventCountry "AZE"]
[SourceTitle "CB27_2025"]
[SourceDate "2025.07.02"]
[SourceVersion "1"]
[SourceVersionDate "2025.07.02"]
[SourceQuality "1"]

1. d4 Nf6 2. Nf3 e6 3. c4 d5 4. Nc3 Be7 5. Bg5 0-0 6. e3 h6 7. Bxf6 Bxf6 8. Rc1 dxc4 9. Bxc4 Nd7 10. 0-0 c5 11. Ne4 cxd4 12. Nxf6+ Nxf6 13. Qxd4 Qxd4 14. Nxd4 b6 15. Bb5 Bb7 16. Rc7 Bd5 17. a3 a6 18. Be2 Rfd8 19. Rfc1 Ne8 20. R7c3 Kf8 21. f3 Bb7 22. f4 Rac8 23. Bf3 Rxc3 24. Rxc3 Bxf3 25. gxf3 g5 26. fxg5 hxg5 27. Kf2 e5 28. Nf5 Ng7 29. Nh6 Ne6 30. Ke2 Kg7 31. Ng4 Rd5 32. Nf2 Rc5 33. Kd3 Rd5+ 34. Ke2 Rc5 35. Rxc5 Nxc5 36. b4 Ne6 37. Kd3 f5 38. Kc4 Nc7 39. a4 b5+ 40. axb5 Nxb5 41. Kc5 Na3 42. Kb6 Nc2 43. Ka5 Nxe3 44. Kxa6 Nd5 45. b5 g4 46. fxg4 e4 47. b6 e3 48. Nd3 Nxb6 49. Kxb6 Kf6 50. Kc5 Kg5 51. gxf5 Kxf5 52. Kd4 Kg4 53. Ne1 Kh3 54. Nf3 e2 55. Ke3 e1N 56. Nxe1 Kxh2 1/2-1/2

[Event "Sheki op-A"]
[Site "Sheki"]
[Date "2025.06.20"]
[Round "2"]
[White "Ahmad, Khagan"]
[Black "Ahmadov, Fariz"]
[Result "1-0"]
[WhiteElo "2394"]
[BlackElo "2195"]
[PlyCount "77"]
[EventDate "2025.06.19"]
[EventType "swiss"]
[EventRounds "9"]
[EventCountry "AZE"]
[SourceTitle "CB27_2025"]
[SourceDate "2025.07.02"]
[SourceVersion "1"]
[SourceVersionDate "2025.07.02"]
[SourceQuality "1"]

1. e4 b6 2. d4 Bb7 3. Bd3 Nf6 4. Nd2 e6 5. Ngf3 d5 6. e5 Nfd7 7. c3 c5 8. Nf1 Nc6 9. Ng3 h6 10. 0-0 c4 11. Bc2 Qc7 12. b3 Ba6 13. b4 Bb7 14. b5 Ne7 15. Ba3 g6 16. Bd6 Qc8 17. Nh4 Nf5 18. Bxf5 exf5 19. Nhxf5 gxf5 20. Qh5 Bxd6 21. exd6 Nf8 22. Nxf5 Ne6 23. Rae1 Kf8 24. Nxh6 Qd7 25. f4 Re8 26. f5 Nf4 27. Qg5 Qxd6 28. Rxe8+ Kxe8 29. Re1+ Kf8 30. f6 Ne6 31. Qg7+ Nxg7 32. fxg7+ Kxg7 33. Nf5+ Kf6 34. Nxd6 Bc8 35. Rf1+ Ke7 36. Nxf7 Rg8 37. Ne5 Be6 38. h4 Ra8 39. h5 1-0

[Event "Sheki op-A"]
[Site "Sheki"]
[Date "2025.06.20"]
[Round "3"]
[White "Ahmadov, Fariz"]
[Black "Hummatov, Safa"]
[Result "1-0"]
[WhiteElo "2195"]
[BlackElo "1876"]
[PlyCount "73"]
[EventDate "2025.06.19"]
[EventType "swiss"]
[EventRounds "9"]
[EventCountry "AZE"]
[SourceTitle "CB27_2025"]
[SourceDate "2025.07.02"]
[SourceVersion "1"]
[SourceVersionDate "2025.07.02"]
[SourceQuality "1"]

1. d4 Nf6 2. Nf3 e6 3. e3 b6 4. Bd3 Bb7 5. 0-0 c5 6. dxc5 Bxc5 7. b3 Be7 8. Bb2 d6 9. c4 Nbd7 10. Nc3 a6 11. Qe2 Qc7 12. Rac1 0-0 13. e4 Rac8 14. Bb1 Rfd8 15. Nd4 Qb8 16. Kh1 Bf8 17. f4 e5 18. Nf5 exf4 19. Nd5 Bxd5 20. exd5 Ne5 21. Rxf4 Ng6 22. Rff1 Nd7 23. h4 Nge5 24. Qh5 Ng6 25. Qg5 f6 26. Qg3 Kh8 27. Nd4 Nge5 28. h5 Nc5 29. Qh3 Be7 30. Rce1 Rf8 31. Qf5 g6 32. Qh3 Kg8 33. b4 Na4 34. hxg6 hxg6 35. Nc6 Rxc6 36. Bxe5 dxe5 37. Bxg6 1-0

[Event "Baku op-B"]
[Site "Baku"]
[Date "2025.05.06"]
[Round "9"]
[White "Ahmadov, Fariz"]
[Black "Primbetov, Kazbek"]
[Result "0-1"]
[WhiteElo "2196"]
[BlackElo "2107"]
[PlyCount "70"]
[EventDate "2025.04.28"]
[EventType "swiss"]
[EventRounds "9"]
[EventCountry "AZE"]
[SourceTitle "CB20_2025"]
[SourceDate "2025.05.14"]
[SourceVersion "1"]
[SourceVersionDate "2025.05.14"]
[SourceQuality "1"]

1. d4 Nf6 2. Nf3 g6 3. g3 Bg7 4. Bg2 0-0 5. 0-0 d6 6. c4 Nc6 7. Nc3 Bf5 8. d5 Na5 9. Nd2 c5 10. e4 Bd7 11. Qe2 e6 12. a3 exd5 13. cxd5 Rc8 14. h3 Re8 15. Rb1 c4 16. g4 b5 17. Rd1 Nb7 18. Nf1 Nc5 19. Ng3 a5 20. g5 Nh5 21. Nxh5 gxh5 22. a4 b4 23. Nb5 Nxa4 24. Nxd6 c3 25. bxc3 Nxc3 26. Qxh5 Nxd1 27. Qxf7+ Kh8 28. Qh5 Qb6 29. Nf7+ Kg8 30. Nh6+ Bxh6 31. gxh6 Nc3 32. e5 Qg6 33. Qh4 Nxb1 34. Bb2 Nc3 35. e6 Rxe6 0-1

[Event "Baku op-B"]
[Site "Baku"]
[Date "2025.05.04"]
[Round "7"]
[White "Ahmadov, Fariz"]
[Black "Bayramov, Elvin Shamil Oglu"]
[Result "1-0"]
[WhiteElo "2196"]
[BlackElo "2128"]
[PlyCount "167"]
[EventDate "2025.04.28"]
[EventType "swiss"]
[EventRounds "9"]
[EventCountry "AZE"]
[SourceTitle "CB20_2025"]
[SourceDate "2025.05.14"]
[SourceVersion "1"]
[SourceVersionDate "2025.05.14"]
[SourceQuality "1"]

1. d4 Nf6 2. Nf3 e6 3. g3 b6 4. Bg2 Bb7 5. 0-0 Be7 6. c4 0-0 7. Nc3 Bb4 8. d5 Bxc3 9. bxc3 d6 10. Nh4 Qc8 11. Bg5 Nbd7 12. Bh3 Re8 13. Qd4 h6 14. Bxf6 Nxf6 15. e4 Qd8 16. dxe6 fxe6 17. e5 dxe5 18. Qxe5 Qd6 19. Rae1 Qxe5 20. Rxe5 Kf7 21. Rfe1 g5 22. Bxe6+ Rxe6 23. Rxe6 gxh4 24. Re7+ Kg6 25. Rxc7 Be4 26. c5 bxc5 27. Rxc5 h3 28. Rc4 Bd5 29. Ra4 a5 30. f3 Rb8 31. Kf2 h5 32. c4 Bf7 33. Re2 Rc8 34. Rxa5 Rxc4 35. Ra6 Rc3 36. Rd2 Kg7 37. Ra7 Kg6 38. Ra6 Kg7 39. Rad6 Ra3 40. R6d3 Rxa2 41. Rxa2 Bxa2 42. Ra3 Bd5 43. Ke3 Kg6 44. Kf4 Bf7 45. Ra7 Nd5+ 46. Ke4 Nb4 47. Ra4 Nd5 48. Ra3 Kf6 49. Ra5 Ne7 50. Ra6+ Be6 51. Ra5 Bf5+ 52. Ke3 Ng6 53. Ra6+ Be6 54. Ke4 Ne7 55. g4 hxg4 56. fxg4 Kf7 57. Kf4 Kf6 58. g5+ Kf7 59. Ke5 Ng6+ 60. Kd6 Bc4 61. Ra3 Nf8 62. Rc3 Be2 63. Rxh3 Kg7 64. Ra3 Bg4 65. Ra4 Bh3 66. Ra3 Bg4 67. h3 Bf5 68. h4 Bg4 69. Ra4 Bd1 70. Rd4 Be2 71. Ke5 Ng6+ 72. Kf5 Bh5 73. Rd7+ Kg8 74. Rd4 Kg7 75. Ra4 Kf7 76. Ra7+ Kg8 77. Kf6 Nxh4 78. Ra8+ Kh7 79. Ra3 Nf3 80. Ra7+ Kh8 81. g6 Bxg6 82. Kxg6 Ne5+ 83. Kf5 Nc6 84. Rc7 1-0

[Event "Baku op-B"]
[Site "Baku"]
[Date "2025.04.28"]
[Round "1"]
[White "Ahmadov, Fariz"]
[Black "Salimli, Rufat"]
[Result "1/2-1/2"]
[WhiteElo "2196"]
[BlackElo "1588"]
[PlyCount "106"]
[EventDate "2025.04.28"]
[EventType "swiss"]
[EventRounds "9"]
[EventCountry "AZE"]
[SourceTitle "CB20_2025"]
[SourceDate "2025.05.14"]
[SourceVersion "1"]
[SourceVersionDate "2025.05.14"]
[SourceQuality "1"]

1. d4 Nf6 2. c4 e6 3. a3 d5 4. Nc3 c6 5. Bg5 Be7 6. e3 Nbd7 7. cxd5 exd5 8. Qc2 Ne4 9. Nxe4 dxe4 10. Bxe7 Qxe7 11. Ne2 0-0 12. Nc3 Nf6 13. Be2 Re8 14. 0-0 Bg4 15. Rad1 Bxe2 16. Qxe2 Rad8 17. Rc1 Nd5 18. Qg4 Qe6 19. Qxe6 Rxe6 20. Na4 b6 21. Rc2 Rdd6 22. Rfc1 f5 23. Nc3 Ne7 24. Ne2 g5 25. b4 Nd5 26. Nc3 Nxc3 27. Rxc3 a6 28. a4 Kf7 29. a5 bxa5 30. bxa5 Rd5 31. Rc5 Red6 32. h4 gxh4 33. Kh2 Rxc5 34. Rxc5 Kg6 35. Kh3 Kg5 36. f4+ exf3 37. gxf3 Rd5 38. f4+ Kh5 39. Rxc6 Rxa5 40. Rf6 h6 41. Re6 Ra1 42. Re5 Rh1+ 43. Kg2 Ra1 44. Re7 a5 45. Kh3 Rh1+ 46. Kg2 Ra1 47. Kh3 Rh1+ 48. Kg2 Ra1 49. Kh3 a4 50. Re5 Rh1+ 51. Kg2 Ra1 52. Kh3 Rh1+ 53. Kg2 Ra1 1/2-1/2

[Event "Guba op"]
[Site "Guba"]
[Date "2023.02.13"]
[Round "9"]
[White "Ahmadov, Fariz"]
[Black "Novruzov, Emin"]
[Result "1-0"]
[WhiteElo "2137"]
[BlackElo "1976"]
[PlyCount "67"]
[EventDate "2023.02.07"]
[EventType "swiss"]
[EventRounds "9"]
[EventCountry "AZE"]
[SourceTitle "CBM 212 Extra"]
[Source "ChessBase"]
[SourceDate "2023.03.31"]
[SourceVersion "1"]
[SourceVersionDate "2023.03.31"]
[SourceQuality "1"]

1. e4 e5 2. Nf3 Nc6 3. Bc4 Bc5 4. 0-0 d6 5. h3 Nf6 6. c3 Nxe4 7. d3 Nxf2 8. Rxf2 Bxf2+ 9. Kxf2 0-0 10. Bg5 Qd7 11. Bd5 Ne7 12. Bb3 h6 13. Be3 Nf5 14. Bc1 Qb5 15. g4 Qb6+ 16. d4 Ne7 17. Nbd2 d5 18. Nxe5 f6 19. Nef3 f5 20. g5 f4 21. Qe1 Be6 22. gxh6 gxh6 23. Ne5 Bxh3 24. Ndf3 Qf6 25. Bd2 c6 26. Qh1 Bf5 27. Rg1+ Kh8 28. Bxf4 Ng8 29. Ng6+ Qxg6 30. Rxg6 Bxg6 31. Be5+ Kh7 32. Ke3 h5 33. Bc2 Rxf3+ 34. Qxf3 1-0

[Event "Guba op"]
[Site "Guba"]
[Date "2023.02.11"]
[Round "7"]
[White "Mahmudzade, Yunis"]
[Black "Ahmadov, Fariz"]
[Result "1/2-1/2"]
[WhiteElo "1606"]
[BlackElo "2137"]
[PlyCount "74"]
[EventDate "2023.02.07"]
[EventType "swiss"]
[EventRounds "9"]
[EventCountry "AZE"]
[SourceTitle "CBM 212 Extra"]
[Source "ChessBase"]
[SourceDate "2023.03.31"]
[SourceVersion "1"]
[SourceVersionDate "2023.03.31"]
[SourceQuality "1"]

1. d4 d5 2. Nf3 Nf6 3. c4 c6 4. Nc3 dxc4 5. e3 b5 6. a4 Qb6 7. axb5 cxb5 8. b3 e6 9. bxc4 Bb4 10. Bd2 bxc4 11. Bxc4 0-0 12. 0-0 Bxc3 13. Bxc3 Qc7 14. Qe2 Bb7 15. Rfc1 Rc8 16. Bd2 Qe7 17. Bd3 Rxc1+ 18. Bxc1 Nc6 19. Ba3 Qd7 20. Rc1 Rc8 21. Bb5 Qd5 22. Ba6 Qd7 23. Bb5 Qd8 24. Ba6 Qb6 25. Bd3 Nb4 26. Bb5 Nc6 27. Bd3 Nb4 28. Rxc8+ Bxc8 29. Bxb4 Qxb4 30. h3 Bb7 31. Ne5 Qd6 32. Qb2 Qc7 33. Qa3 Be4 34. Bxe4 Nxe4 35. Qa4 g6 36. Qe8+ Kg7 37. Nd7 Qd6 1/2-1/2

[Event "Guba op"]
[Site "Guba"]
[Date "2023.02.08"]
[Round "2"]
[White "Abasov, Yusif"]
[Black "Ahmadov, Fariz"]
[Result "0-1"]
[WhiteElo "1597"]
[BlackElo "2137"]
[PlyCount "45"]
[EventDate "2023.02.07"]
[EventType "swiss"]
[EventRounds "9"]
[EventCountry "AZE"]
[SourceTitle "CBM 212 Extra"]
[Source "ChessBase"]
[SourceDate "2023.03.31"]
[SourceVersion "1"]
[SourceVersionDate "2023.03.31"]
[SourceQuality "1"]

1. d4 Nf6 2. Bf4 g6 3. Nf3 Bg7 4. h3 0-0 5. e3 d6 6. Nbd2 Nbd7 7. Bd3 Re8 8. Nc4 b5 9. Ncd2 a6 10. a4 e5 11. Bg5 Bb7 12. dxe5 dxe5 13. Be4 c6 14. Nh2 Nc5 15. Bxf6 Qxf6 16. axb5 axb5 17. Rxa8 Rxa8 18. b4 Nxe4 19. Nxe4 Qh4 20. g4 c5 21. Nf3 Qd8 22. Qxd8+ Rxd8 23. Ned2 0-1

[Event "AZE-ch Prelim 77th"]
[Site "Baku"]
[Date "2023.01.21"]
[Round "8"]
[White "Gurbanov, Ismayil"]
[Black "Ahmadov, Fariz"]
[Result "1-0"]
[WhiteElo "2010"]
[BlackElo "2183"]
[PlyCount "69"]
[EventDate "2023.01.13"]
[EventType "swiss"]
[EventRounds "9"]
[EventCountry "AZE"]
[SourceTitle "CBM 212 Extra"]
[Source "ChessBase"]
[SourceDate "2023.03.31"]
[SourceVersion "1"]
[SourceVersionDate "2023.03.31"]
[SourceQuality "1"]

1. e4 Nf6 2. e5 Nd5 3. d4 d6 4. Nf3 g6 5. Bc4 Nb6 6. Bb3 Bg7 7. Ng5 0-0 8. e6 f6 9. Nf7 Qe8 10. d5 c5 11. c4 Rxf7 12. exf7+ Qxf7 13. 0-0 f5 14. Nc3 e5 15. dxe6 Bxe6 16. Qxd6 Nc6 17. Re1 Bxc4 18. Qxc5 Bxb3 19. axb3 Bd4 20. Qb5 f4 21. Qe2 Bg7 22. Qe4 g5 23. h4 h6 24. hxg5 hxg5 25. Qe6 Nd4 26. Qxf7+ Kxf7 27. Ra5 Bf6 28. Ne4 Kg6 29. Nxf6 Nxb3 30. Rb5 Nxc1 31. Ne4 Nd3 32. Rd1 Re8 33. Rxg5+ Kh6 34. Rxd3 Rxe4 35. Rg4 1-0

[Event "AZE-ch Prelim 77th"]
[Site "Baku"]
[Date "2023.01.17"]
[Round "5"]
[White "Valiyev, Shahin"]
[Black "Ahmadov, Fariz"]
[Result "0-1"]
[WhiteElo "2233"]
[BlackElo "2183"]
[PlyCount "48"]
[EventDate "2023.01.13"]
[EventType "swiss"]
[EventRounds "9"]
[EventCountry "AZE"]
[SourceTitle "CBM 212 Extra"]
[Source "ChessBase"]
[SourceDate "2023.03.31"]
[SourceVersion "1"]
[SourceVersionDate "2023.03.31"]
[SourceQuality "1"]

1. e4 e5 2. Nf3 d6 3. d4 exd4 4. Nxd4 Nf6 5. Nc3 Be7 6. Bf4 0-0 7. Qd2 a6 8. 0-0-0 Nc6 9. f3 Nxd4 10. Qxd4 Be6 11. g4 b5 12. Kb1 c5 13. Qd2 b4 14. Nd5 Bxd5 15. exd5 a5 16. h4 a4 17. h5 h6 18. Bxh6 gxh6 19. Qxh6 Re8 20. Bb5 Nd7 21. Rde1 a3 22. Bd3 Nf8 23. g5 Bxg5 24. Reg1 Re1+ 0-1

[Event "AZE-ch Prelim 77th"]
[Site "Baku"]
[Date "2023.01.16"]
[Round "4"]
[White "Ahmadov, Fariz"]
[Black "Muradli, Mahammad"]
[Result "0-1"]
[WhiteElo "2183"]
[BlackElo "2540"]
[PlyCount "124"]
[EventDate "2023.01.13"]
[EventType "swiss"]
[EventRounds "9"]
[EventCountry "AZE"]
[SourceTitle "CBM 212 Extra"]
[Source "ChessBase"]
[SourceDate "2023.03.31"]
[SourceVersion "1"]
[SourceVersionDate "2023.03.31"]
[SourceQuality "1"]

1. e4 c5 2. c3 Nf6 3. e5 Nd5 4. Nf3 d6 5. d4 cxd4 6. Qxd4 e6 7. exd6 Qxd6 8. Nbd2 Nc6 9. Bb5 Bd7 10. Bxc6 Bxc6 11. 0-0 Nb6 12. Qxd6 Bxd6 13. Nd4 Bd5 14. Nb5 Bb8 15. Re1 0-0 16. b3 a6 17. Na3 Rd8 18. Nf1 Bc6 19. c4 Nd7 20. Nc2 Ne5 21. Nb4 a5 22. Nxc6 Nxc6 23. Be3 Nb4 24. Bb6 Rc8 25. Re2 Ra6 26. Be3 Rd8 27. a3 Nd3 28. Rd2 Rad6 29. Rad1 Bc7 30. b4 a4 31. Ng3 f5 32. Ne2 Nb2 33. Rxd6 Bxd6 34. Rc1 Be5 35. c5 Nc4 36. Bg5 Rd3 37. f4 Bd4+ 38. Nxd4 Rxd4 39. b5 Nxa3 40. b6 Kf7 41. Bh4 Rc4 42. Rxc4 Nxc4 43. c6 Nd6 44. cxb7 Nxb7 45. Be1 Ke7 46. Bc3 g6 47. Kf2 Kd6 48. Ke3 Kc5 49. Bd4+ Kc6 50. Kd3 Nd6 51. h3 Nc8 52. Bb2 Nxb6 53. Kd4 Kb5 54. Ba3 Nc4 55. Be7 a3 56. Bxa3 Nxa3 57. Ke5 Kc4 58. Kxe6 Kd4 59. Kf6 Ke4 60. Kg5 Nc2 61. h4 Ne3 62. g3 Kf3 0-1

[Event "Nakhchivan op"]
[Site "Nakhchivan"]
[Date "2022.05.12"]
[Round "6"]
[White "Mammadov, Zaur Fazahir Oglu"]
[Black "Ahmadov, Fariz"]
[Result "1/2-1/2"]
[WhiteElo "2410"]
[BlackElo "2182"]
[PlyCount "77"]
[EventDate "2022.05.08"]
[EventType "swiss"]
[EventRounds "9"]
[EventCountry "AZE"]
[SourceTitle "EXT 2023"]
[Source "ChessBase"]
[SourceDate "2022.10.05"]
[SourceVersion "1"]
[SourceVersionDate "2022.10.05"]
[SourceQuality "1"]

1. e4 e5 2. Nf3 d6 3. d4 exd4 4. Nxd4 Nf6 5. Nc3 Be7 6. Be2 0-0 7. 0-0 c5 8. Nf5 Bxf5 9. exf5 Nc6 10. Bf3 Nd4 11. g4 d5 12. Bg2 h6 13. f4 Re8 14. g5 Ne4 15. f6 gxf6 16. Nxe4 dxe4 17. c3 Nf3+ 18. Bxf3 exf3 19. Qxf3 fxg5 20. fxg5 Bxg5 21. Bxg5 Qxg5+ 22. Kh1 Kh8 23. Rg1 Qe5 24. Rae1 Qd6 25. Qxb7 Rg8 26. Rd1 Rxg1+ 27. Rxg1 Rd8 28. Rf1 f5 29. c4 Qd3 30. Rg1 Qe4+ 31. Qxe4 fxe4 32. Rg6 Kh7 33. Re6 Rd1+ 34. Kg2 Rd2+ 35. Kg3 Rxb2 36. Rxe4 Rxa2 37. Re5 Rc2 38. Rxc5 a5 39. Rxa5 1/2-1/2

[Event "AZE-ch 72nd"]
[Site "Baku"]
[Date "2017.03.07"]
[Round "1"]
[White "Ahmadzada, Ahmad Samir"]
[Black "Ahmadov, Fariz"]
[Result "1/2-1/2"]
[WhiteElo "2343"]
[BlackElo "2165"]
[PlyCount "143"]
[EventDate "2017.03.07"]
[EventType "swiss"]
[EventRounds "9"]
[EventCountry "AZE"]
[SourceTitle "CBM 177 Extra"]
[Source "ChessBase"]
[SourceDate "2017.04.27"]
[SourceVersion "1"]
[SourceVersionDate "2017.04.27"]
[SourceQuality "1"]

1. e4 d6 2. d4 Nf6 3. Nc3 g6 4. Nf3 Bg7 5. h3 0-0 6. Be3 c6 7. Qd2 b5 8. Bd3 Nbd7 9. 0-0 e5 10. dxe5 Nxe5 11. Nxe5 dxe5 12. Bc5 Re8 13. a4 a6 14. Rfd1 Be6 15. a5 Nd7 16. Be3 Bf8 17. Ne2 f5 18. f4 fxe4 19. Bxe4 Qc7 20. Nc3 Nc5 21. Qf2 Nxe4 22. Nxe4 Bg7 23. Bb6 Qb8 24. Qh4 Bd5 25. Nf6+ Bxf6 26. Qxf6 Re6 27. Qg5 Qe8 28. f5 Qe7 29. Qxe7 Rxe7 30. Bc5 Rf7 31. fxg6 hxg6 32. Rf1 Re8 33. Rxf7 Kxf7 34. Rd1 Ke6 35. Kf2 Rh8 36. Re1 Rh4 37. b3 Rf4+ 38. Kg3 Re4 39. Rxe4 Bxe4 40. c3 Kd5 41. Bf8 Bc2 42. b4 Kc4 43. Kf3 Kd3 44. Bc5 Bb3 45. g4 g5 46. Kg3 Be6 47. Be7 Kxc3 48. Kf3 Bd5+ 49. Ke3 Bg2 50. Bc5 Kc4 51. Bd6 Kd5 52. Be7 Bxh3 53. Bxg5 c5 54. bxc5 Kxc5 55. Ke4 b4 56. Kxe5 Kb5 57. Kd4 Kxa5 58. Kc4 Ka4 59. Bd2 a5 60. g5 Bf1+ 61. Kc5 Kb3 62. Be1 Bd3 63. Bd2 Ka3 64. g6 Ka4 65. g7 Bh7 66. Be1 Bg8 67. Bd2 Bf7 68. Be1 Ka3 69. Kb5 b3 70. Bc3 a4 71. Ka5 Bc4 72. Bd4 1/2-1/2

[Event "Baku President's Cup 3rd"]
[Site "Baku"]
[Date "2008.05.12"]
[Round "4"]
[White "Ahmadov, Fariz"]
[Black "Fedorov, Alexei"]
[Result "1/2-1/2"]
[WhiteElo "2235"]
[BlackElo "2603"]
[PlyCount "78"]
[EventDate "2008.05.12"]
[EventType "swiss"]
[EventRounds "9"]
[EventCountry "AZE"]
[SourceTitle "CBM 124 Extra"]
[Source "ChessBase"]
[SourceDate "2008.07.03"]
[SourceVersion "1"]
[SourceVersionDate "2008.07.03"]
[SourceQuality "1"]

1. d4 Nf6 2. c4 g6 3. Nc3 Bg7 4. e4 d6 5. Bd3 0-0 6. Nge2 Nc6 7. f3 Nd7 8. Be3 e5 9. d5 Nb4 10. Bb1 a5 11. a3 Na6 12. Na4 Bh6 13. Qd2 Bxe3 14. Qxe3 Ndc5 15. Nxc5 Nxc5 16. Bc2 f5 17. exf5 Qh4+ 18. g3 Qh5 19. 0-0-0 gxf5 20. h4 a4 21. Qg5+ Qg6 22. Qxg6+ hxg6 23. h5 g5 24. h6 Kh8 25. f4 gxf4 26. gxf4 Rg8 27. Rh5 Rg2 28. Ng1 exf4 29. Nf3 Bd7 30. Nh4 Rg4 31. Nxf5 f3 32. Rf1 Rf8 33. Rxf3 Nb3+ 34. Bxb3 axb3 35. Kd2 Rxc4 36. Ne3 Rxf3 37. Nxc4 Kh7 38. Rh4 Rf2+ 39. Kc3 Rf3+ 1/2-1/2

[Event "AZE-ch"]
[Site "Baku"]
[Date "2008.01.28"]
[Round "9"]
[White "Ahmadov, Fariz"]
[Black "Babaev, Rashad"]
[Result "0-1"]
[WhiteElo "2246"]
[BlackElo "2468"]
[PlyCount "68"]
[EventDate "2008.01.19"]
[EventType "tourn"]
[EventRounds "9"]
[EventCountry "AZE"]
[EventCategory "9"]
[SourceTitle "CBM 122 Extra"]
[Source "ChessBase"]
[SourceDate "2008.03.04"]
[SourceVersion "1"]
[SourceVersionDate "2008.03.04"]
[SourceQuality "1"]

1. d4 Nf6 2. c4 g6 3. Nc3 Bg7 4. e4 d6 5. Bd3 0-0 6. Nge2 c5 7. d5 e6 8. 0-0 exd5 9. exd5 a6 10. Ng3 Ng4 11. Nce4 h6 12. h3 Ne5 13. Be2 f5 14. Nd2 Nbd7 15. f4 Nf7 16. Nf3 Nf6 17. Bd3 Bd7 18. Rb1 b5 19. b3 Rb8 20. Bd2 Re8 21. Qc2 Qb6 22. Nh4 Nh8 23. Ngxf5 gxf5 24. Bxf5 Bxf5 25. Nxf5 Ne4 26. Nxg7 Kxg7 27. f5 Nf6 28. cxb5 c4+ 29. Rf2 Re2 30. Rbf1 cxb3 31. axb3 axb5 32. Qc3 Kf7 33. Bxh6 Rxf2 34. Rxf2 Qxf2+ 0-1

[Event "AZE-ch"]
[Site "Baku"]
[Date "2008.01.26"]
[Round "7"]
[White "Ahmadov, Fariz"]
[Black "Guliev, Logman"]
[Result "0-1"]
[WhiteElo "2246"]
[BlackElo "2438"]
[PlyCount "124"]
[EventDate "2008.01.19"]
[EventType "tourn"]
[EventRounds "9"]
[EventCountry "AZE"]
[EventCategory "9"]
[SourceTitle "CBM 122 Extra"]
[Source "ChessBase"]
[SourceDate "2008.03.04"]
[SourceVersion "1"]
[SourceVersionDate "2008.03.04"]
[SourceQuality "1"]

1. d4 Nf6 2. c4 e6 3. Nf3 Bb4+ 4. Nbd2 0-0 5. a3 Be7 6. e3 c5 7. dxc5 Bxc5 8. Be2 d5 9. 0-0 Nc6 10. b4 Be7 11. Qc2 a5 12. b5 Nb8 13. Bb2 Nbd7 14. cxd5 Nxd5 15. Bd3 g6 16. e4 Nf4 17. Bc4 Qc7 18. Qc3 Bf6 19. e5 Be7 20. Qd4 Nh5 21. g4 Bc5 22. Qe4 Ng7 23. Qf4 f5 24. Qh6 Be7 25. gxf5 Rxf5 26. Bd3 Rh5 27. Qf4 Nc5 28. Rac1 Nxd3 29. Rxc7 Nxf4 30. Rxe7 Nd5 31. Rxg7+ Kxg7 32. Ne4 Rf5 33. Nd4 Rf4 34. f3 Rf7 35. Nd6 Re7 36. Rc1 Bd7 37. a4 Kg8 38. Ba3 Be8 39. Ne4 Rc7 40. Rxc7 Nxc7 41. Nf6+ Kf7 42. Nxh7 Bd7 43. Ng5+ Kg8 44. Ne4 Nd5 45. Kf2 b6 46. Nd6 Nc3 47. Ke3 Kg7 48. Kd3 Nd5 49. Ne4 Rc8 50. Bb2 Rh8 51. Ng5 Nf4+ 52. Ke3 Rxh2 53. Kxf4 Rxb2 54. Ngxe6+ Bxe6 55. Nxe6+ Kf7 56. Nd8+ Ke8 57. Nc6 Ra2 58. e6 Rxa4+ 59. Ke5 Rc4 60. Nb8 a4 61. Nd7 a3 62. Nxb6 Rc5+ 0-1